000
00246nam a2200097Ia 4500
001
696195
005
20250826162008.0
008
250824s9999 xx 000 0 und d
245
0
_a
ARKADAŞ ISLIKLARI/O.KEMAL/EVEREST
_c
ORHAN KEMAL
260
_b
EVEREST
999
_c
696195
_d
696195